| 000 | 01076cab a22002055a 4500 | ||
|---|---|---|---|
| 001 | L156442 | ||
| 008 | 120522e2012 xxk 000 0 eng d | ||
| 035 | _a(Sirsi) u156442 | ||
| 041 | 0 | _aeng | |
| 100 | 1 | _aEade, Christine | |
| 245 | 0 | 0 |
_aMarkets _bIreland |
| 260 | _c2012 | ||
| 490 | 0 |
_aProperty Week _v78 (20) 18 May 2012, 57-62(5) |
|
| 520 | _aApril's purchase of offices, One Warrington Place, Dublin, by US fund Northwood investors, shows that the new rent review rules has not destroyed the market. Merged law firms,Pinsent Masons and McGrigors, may move into the Soloist office development in Belfast. A hotel operator is close to buying the 161 000 sq ft Belfast Metropolitan College in the city centre. Arthur Street, Belfast's newest chic shopping street owes its success in part to low business rates. Capital Bank to create new HQ in the framework of a Dublin scheme originally planned for Anglo Irish Bank. | ||
| 590 | _aKA | ||
| 651 | 4 |
_aIreland (Republic of) _y |
|
| 651 | 4 |
_aNorthern Ireland _y2007- |
|
| 690 |
_aCommercial property _96227 |
||
| 942 | _n0 | ||
| 999 |
_c84016 _d84016 |
||